| 000 | 00834nam a2200265Ia 4500 | ||
|---|---|---|---|
| 005 | 20210727153015.0 | ||
| 008 | 121119s2002 sp gr 000 j spa | ||
| 020 | _a8420633119 | ||
| 041 | 0 | _aspa | |
| 100 | 1 |
_aBorges, Jorge Luis, _d1899-1986 |
|
| 245 | 1 | 3 |
_aEl aleph _cJorge Luis Borges |
| 250 | _aOctava reimpresión | ||
| 264 | 1 |
_aMadrid _bAlianza _c2002 |
|
| 300 |
_a203 páginas _c18 cm. |
||
| 336 |
_atexto _btxt _2rdacontent |
||
| 337 |
_asin mediación _bn _2rdamedia |
||
| 338 |
_avolumen _bnc _2rdacarrier |
||
| 490 | 0 | _aEl libro de bolsillo : biblioteca de autor | |
| 650 | 1 | 4 |
_2LEMB _aLiteratura argentina _vColecciones de escritos _ySiglo XX |
| 650 | 1 | 4 |
_2LEMB _aCuentos argentinos _ySiglo XX |
| 650 | 1 | 4 |
_2LEMB _aCuentos fantásticos |
| 942 |
_2loc _cBKLIT |
||
| 040 |
_aCO-BoRNBP _bspa _erda _cCO-BoRNBP |
||
| 084 | _aC BOR2 | ||
| 999 |
_c754 _d754 |
||